000 00372 a2200157 4500
001 168714
020 _a
040 _cMagnum
100 _aDeheinzelin, Monique
240 1 0 _aConstrutivismo: a poetica das transformacoes
_lpor
245 1 0 _aConstrutivismo: a poetica das transformacoes
362 0 _a1899
440 1 _aÁtica
697 _aSEM ASSUNTO
942 _cBK
999 _c168714
_d168714